Groups of Things - Soccer (Football) - Statistics

General Stats
  • This quiz has been taken 5,467 times
  • The average score is 24 of 38
Answer Stats
Category Answer % Correct
2 or More Ballon d'Ors Cristiano Ronaldo
97%
2 or More Ballon d'Ors Lionel Messi
97%
2 or More Ballon d'Ors Ronaldo Nazário
97%
Top World Cup Scorers Ronaldo Nazário
97%
Men's Winners Brazil
95%
Men's Winners Germany
93%
Women's Winners Germany
93%
Men's Winners Argentina
92%
Men's Winners France
92%
Men's Winners Italy
89%
Men's Winners Spain
89%
EPL Never Relegated Manchester United
88%
EPL Champions Manchester United
88%
Men's Winners Uruguay
87%
Men's Winners England
86%
EPL Never Relegated Liverpool
85%
EPL Champions Manchester City
85%
EPL Never Relegated Arsenal
84%
EPL Champions Arsenal
84%
EPL Never Relegated Chelsea
84%
EPL Champions Chelsea
84%
EPL Never Relegated Tottenham Hotspur
69%
EPL Champions Leicester City
67%
EPL Never Relegated Everton
64%
Top World Cup Scorers Miroslav Klose
63%
Women's Winners United States
50%
EPL Champions Blackburn Rovers
46%
Top World Cup Scorers Pelé
42%
Top World Cup Scorers Gerd Müller
39%
Women's Winners Japan
27%
Top World Cup Scorers Just Fontaine
18%
Women's World Cup Scorers Marta Silva
17%
Women's Winners Norway
15%
Women's World Cup Scorers Sun Wen
4%
Women's World Cup Scorers Abby Wambach
3%
Women's World Cup Scorers Birgit Prinz
3%
Women's World Cup Scorers Michelle Akers
1%
Women's World Cup Scorers Bettina Wiegmann
0%
No matching quizzes found
Score Distribution
Percent of People with Each Score
Percentile by Number Answered
Your Score History
You have not taken this quiz